Detalles MARC
| 000 -CABECERA |
| Longitud fija campo de control |
01524nam a2200301Ia 4500 |
| 003 - • IDENTIFICADOR DELl NÚMERO DE CONTROL |
| Identificador del número de control |
CO-BoRNBP |
| 005 - • FECHA Y HORA DE LA ÚLTIMA TRANSACCIÓN |
| Fecha y hora de la última transacción |
20230404225407.0 |
| 007 - • CAMPO FIJO DE DESCRIPCIÓN FÍSICA |
| Campo fijo de descripción física |
ta |
| 008 - • CÓDIGOS DE INFORMACIÓN DE LONGITUD FIJA |
| Códigos de información de longitud fija |
121119s2005 sp jr 000 f spa |
| 020 ## - • NÚMERO INTERNACIONAL NORMALIZADO PARA LIBROS |
| Número Internacional Normalizado para Libros (ISBN) |
8420775134 |
| 040 ## - FUENTE DE LA CATALOGACIÓN |
| Centro catalogador de origen |
CO-BoRNBP |
| Lengua de catalogación |
spa |
| Normas de descripción |
rda |
| Centro transcriptor |
CO-BoRNBP |
| 041 0# - • CÓDIGO DE LENGUA |
| Código de lengua del texto/banda sonora o título independiente |
spa |
| 084 ## - • Clasificación Local Alfanúmerica PNLB |
| Número de clasificación |
N ALO1 |
| 100 1# - • PUNTO DE ACCESO PRINCIPAL-NOMBRE DE PERSONA |
| Nombre de persona |
Alonso, Manuel L. |
| Fechas asociadas al nombre |
1948- |
| 245 10 - • TITULO PROPIAMENTE DICHO |
| Título |
Rebelde |
| Mención de responsabilidad, etc. |
Manuel L. Alonso |
| 250 ## - • MENCIÓN DE EDICIÓN |
| Mención de edición |
Primera edición |
| 264 ## - PRODUCCIÓN, PUBLICACIÓN , DISTRIBUCIÓN, FABRICACIÓN Y COPYRIGHT |
| Lugar de producción, publicación, distribución, fabricación |
Madrid |
| Nombre del productor, editor, distribuidor, fabricante |
Anaya |
| Fecha de de producción, publicación, distribución, fabricación o copyright |
1996 |
| 300 ## - • DESCRIPCIÓN FÍSICA |
| Extensión |
109 páginas |
| Dimensiones |
22 cm |
| 336 ## - TIPO DE CONTENIDO |
| Término de tipo de contenido |
texto |
| Código de tipo de contenido |
txt |
| Fuente |
rdacontent |
| 337 ## - TIPO DE MEDIO |
| Nombre del tipo de medio |
sin mediación |
| Código del tipo de medio |
n |
| Fuente |
rdamedia |
| 338 ## - TIPO DE SOPORTE |
| Nombre del tipo de soporte |
volumen |
| Código del tipo de soporte |
nc |
| Fuente |
rdacarrier |
| 505 0# - • NOTA DE CONTENIDO CON FORMATO |
| Nota de contenido con formato |
El asno y el cochino ; La codorniz ; El león vencido por el hombre ; El labrador y la cigüeña ; La aguila, la gata y la jabalina ; La lechera, el zagal y las ovejas ; El hombre y la culebra ; El gorrión y la liebre ; El milano y las palomas ; El caballo y el ciervo ; El aguila y el cuervo ; Congreso de los ratones ; El lobo y la oveja ; El asno y las rana ; El charlatán y el rústico ; La mona corrida ; El cazador de perdiz ; La cierva y la viña ; La tortuga y el aguila ; La hacha y el mango ; El hombre y la comadreja ; Los navegantes ; La torrente y el río ; El filsófo y la pulga ; El elefante, el toro, el asno y los demás animales |
| 650 14 - • PUNTO DE ACCESO ADICIONAL DE MATERIA - TÉRMINO DE MATERIA |
| Término de materia o nombre geográfico como elemento inicial |
Fábulas |
| Fuente del encabezamiento o término |
LEMB |
| 650 14 - • PUNTO DE ACCESO ADICIONAL DE MATERIA - TÉRMINO DE MATERIA |
| Término de materia o nombre geográfico como elemento inicial |
Literatura juvenil española |
| Fuente del encabezamiento o término |
LEMB |
| 650 14 - • PUNTO DE ACCESO ADICIONAL DE MATERIA - TÉRMINO DE MATERIA |
| Término de materia o nombre geográfico como elemento inicial |
Adolescentes |
| Subdivisión de forma |
Novela |
| Fuente del encabezamiento o término |
LEMB |
| 650 14 - • PUNTO DE ACCESO ADICIONAL DE MATERIA - TÉRMINO DE MATERIA |
| Término de materia o nombre geográfico como elemento inicial |
Novela juvenil española |
| Fuente del encabezamiento o término |
LEMB |
| 942 ## - ENTRADA DE ELEMENTOS AGREGADOS (KOHA) |
| Koha [por defecto] tipo de item |
Libro Literatura |
| Fuente de clasificaión o esquema |
Dewey Decimal Classification |